000 00612nam a22002057i 4500
001 6004
003 OSt
005 20181119124231.0
007 tu
008 161220s1996 xxu||||| |||| 00| 0 d
020 _a3930963213
024 7 _a6004
_2RID
024 7 _a6004
_2RSN (alt)
040 _cOSt
245 0 0 _aDie wirtschaftliche Lage Russlands - Die Wirtschaftspolitik muss Investitionsanreize schaffen
_bNeunter Bericht
260 _aHalle :
_bInstitut für Wirtschaftsforschung Halle IWH,
_c1996.
490 _aIWH Forschungsreihe
_v10
110 2 _aInstitut für Wirtschaftsforschung Halle IWH
942 _cP
999 _c5693
_d5693